Представление документа в формате RUSMARC

ПолеНазваниеЗначение
  Тип записи a
  Библиографический уровень a
001 Контрольный номер UONB/MAIN/4d87858a2882460c84b7cfc277195b33
005 Дата корректировки 20260508111826.9
100 Данные общей обработки __
a Данные общей обработки 20260508 ||| 0rusy0189 ca
101 Язык документа 0_
a Язык текста rus
102 Страна публикации __
a Страна публикации RU
200 Заглавие и сведения об ответственности 1_
a Заглавие Библионочь-2026
f Первые сведения об ответственности И. Петрашкина
203 Вид содержания и тип средства __
a Вид содержания Текст
b Характеристика содержания визуальный
c Тип средства непосредственный
215 Физическое описание __
c Иллюстрации/тип воспроизводства ил., портр.
330 Аннотация __
a Аннотация В Большенагаткинской центральной районной библиотеке им. А. С. Пушкина прощд
461 Уровень набора _0
1 2000
a Цильнинские новости
463 Уровень физической единицы _0
1 2000
a № 16 (1387) (24 апреля)
v С. 4
1 2101
d 2026
1 001UONB/MAIN/ccf211f831e44d13928f43aeadae04de
600 Персоналии _1
a Персоналии (Фамилия) Казначеева
b Персоналии (Имя, инициалы) О. Н.
600 Персоналии _1
a Персоналии (Фамилия) Петрашкина
b Персоналии (Имя, инициалы) И. А.
600 Персоналии _1
a Персоналии (Фамилия) Амирова
b Персоналии (Имя, инициалы) О. Н.
607 Географические рубрики __
a Географическое наименование Большое Нагаткино, село (Цильнинский район ; Ульяновская область)
610 Ключевые слова 0_
a Ключевые слова библиотеки; библионочь; выступления; мастер-классы; творческие коллективы
686 Индексы других классификаций __
a Классификационный индекс 78.340.671.32
2 Код системы rubbk
700 Автор _1
a Фамилия Петрашкина
b Имя (инициалы) И.
g Полное личное имя Ирина
801 Источник записи _0
a Страна RU
b Организация Ульяновская ОНБ
c Дата составления 20260508
g Правила каталогизации RCR
801 Источник записи _1
a Страна RU
b Организация Ульяновская ОНБ
c Дата составления 20260508
g Правила каталогизации RCR
901 Тип документа __
t Тип документа f
w Контрольный № источника UONB/MAIN/ccf211f831e44d13928f43aeadae04de
909 Создатель записи __
a Создатель записи Логинова
b Дата создания записи 20260508